[Event "GER-chT Lands U20"]
[Site "Hannover"]
[Date "2015.10.06"]
[Round "6.8"]
[White "Ruppert, Paula"]
[Black "Khamenya, Vitalia"]
[Result "0-1"]
[WhiteElo "1209"]
[BlackElo "1491"]
[PlyCount "64"]
[EventDate "2015.10.03"]
[EventType "team-swiss"]
[EventRounds "7"]
[EventCountry "GER"]
[SourceTitle "CBM 168 Extra"]
[Source "ChessBase"]
[SourceDate "2015.10.29"]
[SourceVersion "1"]
[SourceVersionDate "2015.10.29"]
[SourceQuality "1"]
[WhiteTeam "Hessen (U20)"]
[BlackTeam "Bayern (U20)"]
[WhiteTeamCountry "GER"]
[BlackTeamCountry "GER"]

1. e4 g6 2. d4 Bg7 3. Nf3 d6 4. Nc3 a6 5. Bc4 h6 6. Bb3 Nd7 7. Be3 e6 8. Qd2 Ne7 9. 0-0-0 b5 10. h4 Nb6 11. d5 e5 12. Ne1 Bd7 13. f4 a5 14. Bxb6 cxb6 15. a4 bxa4 16. Bxa4 Bxa4 17. Nxa4 b5 18. Nc3 Qd7 19. h5 b4 20. Nb1 Qb7 21. hxg6 fxg6 22. Nf3 exf4 23. Qxf4 Qc7 24. Nd4 Be5 25. Qf2 a4 26. Ne6 Qc4 27. Rhf1 a3 28. bxa3 bxa3 29. Qf8+ Kd7 30. Nxa3 Rxa3 31. Qf2 Qc3 32. Qb6 Ra1+ 0-1

[Event "GER-chT Lands U20"]
[Site "Hannover"]
[Date "2015.10.05"]
[Round "5.8"]
[White "Schnabel, Luise"]
[Black "Ruppert, Paula"]
[Result "1/2-1/2"]
[WhiteElo "1414"]
[BlackElo "1209"]
[PlyCount "50"]
[EventDate "2015.10.03"]
[EventType "team-swiss"]
[EventRounds "7"]
[EventCountry "GER"]
[SourceTitle "CBM 168 Extra"]
[Source "ChessBase"]
[SourceDate "2015.10.29"]
[SourceVersion "1"]
[SourceVersionDate "2015.10.29"]
[SourceQuality "1"]
[WhiteTeam "Berlin (U20)"]
[BlackTeam "Hessen (U20)"]
[WhiteTeamCountry "GER"]
[BlackTeamCountry "GER"]

1. e4 e6 2. d4 d5 3. Nc3 Bb4 4. e5 c5 5. a3 Bxc3+ 6. bxc3 Ne7 7. f4 Nbc6 8. Nf3 Bd7 9. Be3 Nf5 10. Bf2 0-0 11. g4 Nfe7 12. Qd2 f5 13. h3 Qa5 14. g5 Ng6 15. Be3 Rac8 16. h4 cxd4 17. cxd4 Qxd2+ 18. Bxd2 Rc7 19. h5 Nge7 20. Rc1 Rfc8 21. Bd3 a6 22. Ke2 Kf7 23. Ke3 Na7 24. Ba5 Rc6 25. Nd2 Nb5 1/2-1/2

[Event "GER-ch U12"]
[Site "Willingen"]
[Date "2015.05.30"]
[Round "11"]
[White "Hassemeier, Mika"]
[Black "Ruppert, Paula"]
[Result "1-0"]
[WhiteElo "1526"]
[BlackElo "1268"]
[PlyCount "159"]
[EventDate "2015.05.24"]
[EventType "swiss"]
[EventRounds "11"]
[EventCountry "GER"]
[SourceTitle "CBM 166 Extra"]
[Source "ChessBase"]
[SourceDate "2015.06.18"]
[SourceVersion "1"]
[SourceVersionDate "2015.06.18"]
[SourceQuality "1"]

1. d4 f5 2. g4 fxg4 3. h3 Nf6 4. hxg4 Nxg4 5. e4 d5 6. e5 Bf5 7. Be2 Qd7 8. Nc3 c6 9. Na4 b6 10. f3 Nh6 11. Bxh6 gxh6 12. Nc3 e6 13. Qd2 a6 14. Bd3 Bg6 15. 0-0-0 c5 16. Nge2 Nc6 17. Rde1 Bf7 18. dxc5 bxc5 19. Ng3 c4 20. Bf1 Rb8 21. Nh5 Bxh5 22. Rxh5 Qb7 23. Nd1 Ba3 24. c3 Bf8 25. Bh3 Qf7 26. Bg4 Bg7 27. Qg2 Qg6 28. Rh2 Qg5+ 29. Kb1 Nd8 30. Bh5+ Kd7 31. Bg4 Bxe5 32. Rh5 Qg6+ 33. Ka1 Bd6 34. Rxd5 Re8 35. Qd2 Nf7 36. Bh5 exd5 37. Bxg6 hxg6 38. Rxe8 Rxe8 39. Kb1 Kc6 40. Ne3 Re5 41. a3 h5 42. f4 Re7 43. Qxd5+ Kd7 44. Nxc4 h4 45. Nxd6 Nxd6 46. Qg5 h3 47. Qg4+ Nf5 48. Qxh3 Re1+ 49. Ka2 Ke6 50. Qh8 Kf7 51. Qa8 Rf1 52. Qxa6 Rxf4 53. Qb7+ Kf6 54. Qc6+ Kg5 55. a4 Kh5 56. a5 Nh6 57. a6 Rf7 58. Qd5+ Rf5 59. Qxf5+ gxf5 60. a7 f4 61. a8Q Kg4 62. Qg2+ Kf5 63. b4 Ng4 64. b5 Ne3 65. Qf3 Nc4 66. Qd5+ Ne5 67. b6 f3 68. Qxf3+ Nxf3 69. b7 Kg4 70. b8Q Kf5 71. Qf8+ Ke4 72. c4 Ne5 73. c5 Kd5 74. Qd6+ Ke4 75. c6 Nc4 76. Qe6+ Kd4 77. Qxc4+ Kxc4 78. c7 Kd3 79. c8Q Kd4 80. Qc6 1-0

[Event "GER-ch U12"]
[Site "Willingen"]
[Date "2015.05.27"]
[Round "7"]
[White "Biermann, Sophie"]
[Black "Ruppert, Paula"]
[Result "1/2-1/2"]
[WhiteElo "1136"]
[BlackElo "1268"]
[PlyCount "43"]
[EventDate "2015.05.24"]
[EventType "swiss"]
[EventRounds "11"]
[EventCountry "GER"]
[SourceTitle "CBM 166 Extra"]
[Source "ChessBase"]
[SourceDate "2015.06.18"]
[SourceVersion "1"]
[SourceVersionDate "2015.06.18"]
[SourceQuality "1"]

1. e4 d5 2. exd5 Qxd5 3. Nc3 Qd6 4. Bc4 Nf6 5. Nf3 g6 6. d3 Bg7 7. Be3 0-0 8. 0-0 Bg4 9. h3 Bxf3 10. Qxf3 c6 11. a4 Nbd7 12. Rfe1 e6 13. d4 Nb6 14. Bb3 Nbd5 15. Nxd5 Nxd5 16. Bxd5 cxd5 17. Rad1 Rac8 18. Re2 Qb4 19. b3 Rc6 20. Rdd2 Rc3 21. Qf4 Qe7 22. Qh2 1/2-1/2

[Event "GER-ch U12"]
[Site "Willingen"]
[Date "2015.05.25"]
[Round "4"]
[White "Ruppert, Paula"]
[Black "Zha, Kevin"]
[Result "0-1"]
[WhiteElo "1268"]
[BlackElo "1154"]
[PlyCount "84"]
[EventDate "2015.05.24"]
[EventType "swiss"]
[EventRounds "11"]
[EventCountry "GER"]
[SourceTitle "CBM 166 Extra"]
[Source "ChessBase"]
[SourceDate "2015.06.18"]
[SourceVersion "1"]
[SourceVersionDate "2015.06.18"]
[SourceQuality "1"]

1. e4 e5 2. Nf3 Nc6 3. d4 exd4 4. Bc4 Nf6 5. e5 d5 6. Bb5 Ne4 7. Nxd4 Bd7 8. Bxc6 Bxc6 9. 0-0 Bc5 10. Be3 Bxd4 11. Bxd4 0-0 12. f3 Ng5 13. f4 Ne6 14. Nc3 Qh4 15. Qd2 Rae8 16. Rad1 b6 17. Ne2 Bb5 18. c3 c5 19. Bf2 Qg4 20. Rfe1 Bc6 21. Bg3 Rd8 22. Qc2 Bb7 23. f5 Ng5 24. b4 d4 25. Rf1 Qe4 26. Qxe4 Nxe4 27. bxc5 Nxg3 28. hxg3 Ba6 29. Rfe1 d3 30. Nf4 d2 31. Re3 Rfe8 32. cxb6 axb6 33. Re4 g5 34. Nh5 Re7 35. Nf6+ Kg7 36. Rd4 Rxe5 37. Nh5+ Kh6 38. Rxd8 Re1+ 39. Kf2 Rxd1 40. g4 Rf1+ 41. Kg3 d1Q 42. Rb8 Qe1+ 0-1

[Event "GER-ch U12"]
[Site "Willingen"]
[Date "2015.05.24"]
[Round "2"]
[White "Ruppert, Paula"]
[Black "Muedder, Melanie"]
[Result "0-1"]
[WhiteElo "1268"]
[BlackElo "1511"]
[PlyCount "106"]
[EventDate "2015.05.24"]
[EventType "swiss"]
[EventRounds "11"]
[EventCountry "GER"]
[SourceTitle "CBM 166 Extra"]
[Source "ChessBase"]
[SourceDate "2015.06.18"]
[SourceVersion "1"]
[SourceVersionDate "2015.06.18"]
[SourceQuality "1"]

1. e4 e5 2. Nf3 Nc6 3. d4 exd4 4. Bc4 Nf6 5. e5 d5 6. Bb5 Ne4 7. Nxd4 Bc5 8. Be3 0-0 9. Nxc6 bxc6 10. Bxc5 Nxc5 11. Bxc6 Rb8 12. Qxd5 Qxd5 13. Bxd5 Rxb2 14. Bb3 Nxb3 15. cxb3 Re8 16. 0-0 Rxe5 17. Rd1 Re8 18. Nc3 Rc2 19. Rac1 Bg4 20. f3 Rxc1 21. Rxc1 Bd7 22. Nd5 c6 23. Nb4 Re6 24. Rd1 Re7 25. Kf2 Kf8 26. Rc1 Re6 27. Nd3 Rd6 28. Ne5 Ke8 29. Re1 Re6 30. f4 f6 31. Nxd7 Kxd7 32. Rxe6 Kxe6 33. Ke3 Kd5 34. Kd3 c5 35. a3 a5 36. a4 g6 37. h3 h6 38. g3 f5 39. g4 fxg4 40. hxg4 h5 41. f5 hxg4 42. fxg6 Ke6 43. g7 Kf7 44. Ke4 Kxg7 45. Kf4 Kf6 46. Kxg4 Ke5 47. Kf3 Kd4 48. Ke2 Kc3 49. Ke3 Kxb3 50. Kd3 c4+ 51. Kd2 Kb2 52. Ke3 c3 53. Kd4 c2 0-1

[Event "GER-ch U12"]
[Site "Magdeburg"]
[Date "2014.06.09"]
[Round "4"]
[White "Ruppert, Paula"]
[Black "Gheng, Dominik"]
[Result "0-1"]
[WhiteElo "1202"]
[BlackElo "1628"]
[PlyCount "50"]
[EventDate "2014.06.08"]
[EventType "swiss"]
[EventRounds "11"]
[EventCountry "GER"]
[SourceTitle "CBM 160 Extra"]
[Source "ChessBase"]
[SourceDate "2014.07.01"]
[SourceVersion "1"]
[SourceVersionDate "2014.07.01"]
[SourceQuality "1"]

1. e4 c5 2. Nf3 Nc6 3. d4 cxd4 4. Nxd4 g6 5. Nc3 Bg7 6. Be3 Nf6 7. f3 Qb6 8. b3 0-0 9. Be2 Nxe4 10. fxe4 Bxd4 11. Bxd4 Nxd4 12. Nd5 Qc5 13. Bc4 b5 14. Be2 Nxc2+ 15. Kf1 Nxa1 16. Qxa1 Bb7 17. Bf3 Bxd5 18. exd5 Rac8 19. Ke2 Qc2+ 20. Ke3 Rc3+ 21. Kf4 Qf5+ 22. Kg3 Rfc8 23. Re1 Qxd5 24. Rxe7 Qd6+ 25. Kf2 Qxe7 0-1

[Event "Hessen-ch U12"]
[Site "Bad Homburg"]
[Date "2014.??.??"]
[Round "1"]
[White "Ruppert, Paula"]
[Black "Mueller, Joshua"]
[Result "1-0"]
[WhiteElo "1193"]
[BlackElo "761"]
[PlyCount "63"]
[EventDate "2014.04.??"]
[EventType "swiss"]
[EventRounds "9"]
[EventCountry "GER"]
[SourceTitle "EXT 2022"]
[Source "ChessBase"]
[SourceDate "2021.10.06"]
[SourceVersion "1"]
[SourceVersionDate "2021.10.06"]
[SourceQuality "1"]

1. e4 g6 2. d4 Bg7 3. Nf3 Nf6 4. Nc3 0-0 5. Bc4 b6 6. 0-0 Ba6 7. Bxa6 Nxa6 8. Be3 c5 9. Qd2 Ng4 10. Bf4 e5 11. Nxe5 Nxe5 12. Bxe5 Bxe5 13. dxe5 Qc7 14. f4 Rfd8 15. Nd5 Qb8 16. Nf6+ Kg7 17. Qd3 d6 18. Qxa6 dxe5 19. fxe5 Qxe5 20. c3 Rd2 21. Qb7 Qg5 22. e5 Rb8 23. Qf3 Rbd8 24. Ne4 Qh6 25. Qxf7+ Kh8 26. Nxd2 Qxd2 27. Rad1 Qe3+ 28. Kh1 Rc8 29. Qf6+ Kg8 30. Rd8+ Rxd8 31. Qxd8+ Kg7 32. Qf8# 1-0

[Event "GER-ch U10"]
[Site "Oberhof"]
[Date "2013.05.24"]
[Round "9"]
[White "Koll, Linus"]
[Black "Ruppert, Paula"]
[Result "0-1"]
[WhiteElo "1208"]
[BlackElo "989"]
[PlyCount "62"]
[EventDate "2013.05.19"]
[EventType "swiss"]
[EventRounds "11"]
[EventCountry "GER"]
[SourceTitle "CBM 154 Extra"]
[Source "ChessBase"]
[SourceDate "2013.06.25"]
[SourceVersion "2"]
[SourceVersionDate "2013.06.25"]
[SourceQuality "1"]

1. e4 d5 2. exd5 Qxd5 3. Nc3 Qa5 4. d4 Nf6 5. Nf3 Bg4 6. h3 Bh5 7. g4 Bg6 8. Ne5 Nbd7 9. Nxd7 Nxd7 10. Bg2 c6 11. Bf4 e6 12. a3 Be7 13. b4 Qb6 14. Ne2 0-0 15. 0-0 Rad8 16. c3 Bf6 17. g5 Be7 18. Ng3 Qb5 19. h4 e5 20. dxe5 Nxe5 21. Qb3 Nd3 22. Be3 h5 23. gxh6 Bxh4 24. hxg7 Kxg7 25. a4 Qa6 26. b5 cxb5 27. axb5 Qd6 28. Bd4+ Bf6 29. Bxf6+ Qxf6 30. c4 Rh8 31. Rfd1 Qxf2# 0-1

[Event "GER-ch U10"]
[Site "Oberhof"]
[Date "2013.05.24"]
[Round "10"]
[White "Ruppert, Paula"]
[Black "Weishaeutel, Moritz"]
[Result "1/2-1/2"]
[WhiteElo "989"]
[BlackElo "1431"]
[PlyCount "112"]
[EventDate "2013.05.19"]
[EventType "swiss"]
[EventRounds "11"]
[EventCountry "GER"]
[SourceTitle "CBM 154 Extra"]
[Source "ChessBase"]
[SourceDate "2013.06.25"]
[SourceVersion "2"]
[SourceVersionDate "2013.06.25"]
[SourceQuality "1"]

1. e4 e5 2. Nf3 Nc6 3. d4 exd4 4. Bc4 Nf6 5. e5 d5 6. Bb5 Ne4 7. Nxd4 Bd7 8. 0-0 Nxd4 9. Bxd7+ Qxd7 10. Qxd4 Bc5 11. Qd1 0-0-0 12. Nc3 Nxc3 13. bxc3 Qf5 14. Qe2 Rhe8 15. Qb5 b6 16. Qa6+ Kb8 17. Qe2 Rxe5 18. Qd3 Rde8 19. Bb2 Qxd3 20. cxd3 Re2 21. Rab1 Rc2 22. d4 Bd6 23. Rfc1 Rxb2 24. Rxb2 Ba3 25. Rbc2 Bxc1 26. Rxc1 Re2 27. a4 Kb7 28. Kf1 Ra2 29. Re1 Rxa4 30. Re7 Ra1+ 31. Ke2 a5 32. Rxf7 a4 33. Kd2 a3 34. Kc2 Rd1 35. Kb3 Rd2 36. Kxa3 Rc2 37. Kb3 Re2 38. Rxg7 Rxf2 39. Rxh7 Rxg2 40. h4 Rh2 41. h5 Kc6 42. c4 Rh3+ 43. Kb4 Rh4 44. Kb3 dxc4+ 45. Kxc4 b5+ 46. Kd3 Kd5 47. Rxc7 Rxd4+ 48. Kc3 Rh4 49. Rb7 Kc6 50. Rh7 b4+ 51. Kb3 Kc5 52. Ra7 Rh3+ 53. Kc2 b3+ 54. Kb2 Kc4 55. Rc7+ Kb4 56. Rb7+ Ka4 1/2-1/2